00320nam a22001217a 4500003000400000008004100004082001200045100001900057245005100076260002900127300000900156650003300165OSt200710b ||||| |||| 00| 0 eng d a612 PRP aPrasad, Mahesh aPractical book of Human Anatomy and Physiology aNew DelhibNirralic2019 a15.2 aHuman Anatomy and Physiology